| 000 | 00400nam a2200145 a 4500 | ||
|---|---|---|---|
| 005 | 20140414132119.0 | ||
| 008 | 111122s19uu xx 00 eng d | ||
| 050 |
_aREF 589.2 _bK53 1994 |
||
| 100 | _aKibby, Geoffrey. | ||
| 245 | _aMushrooms and fungi. | ||
| 260 |
_aGreat Britain : _bDragon's world, _c1994. |
||
| 440 | _aJunior nature guides | ||
| 650 |
_aFungi _xPictorial works. |
||
| 999 |
_c115009 _d115009 |
||